LEADER 01894nam0 22004453i 450 001 SBL0027544 005 20251003044348.0 020 $aIT$b616423 100 $a20130506d1961 ||||0itac50 ba 101 | $aita 102 $ait 181 1$6z01$ai $bxxxe 182 1$6z01$an 183 1$6z01$anc$2RDAcarrier 200 1 $aˆLe ‰due città$ereligione e politica nella vicenda delle libertà umane$fIgino Giordani 210 $aRoma$cCittà nuova$d1961 215 $a509 p.$d22 cm 606 $aCristianesimo$xPolitica$2FIR$3LO1C178150$9I 606 $aCristianesimo$xSocietà$2FIR$3MILC268891$9N 676 $a261$9TEOLOGIA SOCIALE, RELAZIONI E ATTEGGIAMENTI DEL CRISTIANESIMO$v21 676 $a261.7$9CRISTIANESIMO E POLITICA$v19 676 $a261.70945$9CRISTIANESIMO E POLITICA. Italia$v23 676 $a261.8$9CRISTIANESIMO E PROBLEMI SOCIOECONOMICI$v20 696 $aVita politica$aAttività politica$aAspetti politici 699 $aPolitica$zVita politica 699 $aPolitica$zAttività politica 699 $aPolitica$zAspetti politici 700 1$aGiordani$b, Igino$3CFIV021902$4070$031406 790 1$aSilenziario$b, Angelo$3SBNV001554$zGiordani, Igino 801 3$aIT$bIT-000000$c20130506 850 $aIT-BN0095 $aIT-NA0074 $aIT-NA0079 $aIT-NA0187 901 $bNAP 91$cPH $nIl fondo include pedagogia, psicologia, storia delle religioni ed è ordinato cronologicamente 901 $bNAP BN$cSQUITIERI $nFondo Squitieri 901 $bNAP 01$cDEMARCO $n$ 901 $bNAP PA$cMODERNO $n$ 912 $aSBL0027544 950 0$aBiblioteca Centralizzata di Ateneo$b1 v.$c1 v.$d 01DEMARCO MON. 700$e 01 0000104095 VMA 1 v.$fA $h20230510$i20241017 977 $a 01$a 91$a BN$a PA 996 $aDue città$94216032 997 $aUNISANNIO